01229cam a22003135a 45000010008000000030009000080050017000170080041000340200022000750200018000970400038001150820020001532450131001732640044003043000045003483360026003933370028004193380027004475040052004746500054005266510010005806530023005906550024006137000044006377000040006819420012007219990017007339520165007503032458EG-ScBUE20220410100332.0950410s2003 enka f b 001 0 eng d a0415121434 (pbk.) a9780415121439 aDLCbengerdacDLCdDLCdEG-ScBUE04a401.41222bTEX00aTexts and practices :breadings in critical discourse analysis /cedited by Carmen Rosa Caldas-Coulthard and Malcolm Couthard. 1aLondon ;aNew York :bRoutledge,c2003. axii, 294 pages :billustrations ;c24 cm 2rdacontentatextbtxt 2rdamediaaunmediatedbn 2rdacarrieravolumebnc aIncludes bibliographical references and index.  7aDiscourse analysisxSocial aspects.2BUEsh940302 2BUEsh cJune2016bHHUUEENN vReading book9342321 aCaldas-Coulthard, Carmen Rosa,eeditor.1 aCoulthard, Malcolm,eeditor.940652 2ddccBB c21945d21917 00102ddc40708BaccahaMAINbMAINc2NDd2016-06-22ePurchaseg494.00h25868l1o401.41 TEXp000032731r2025-07-15 00:00:00s2017-10-03v617.00w2016-06-22yBB